000 00555nam a22002057a 4500
003 OSt
005 20161020133934.0
008 161020b xxu||||| |||| 00| 0 eng d
020 _a047133166x
040 _cDDC.
082 _a001.4SEK 2000;
100 _aSekaramu,Uma;
_911225
245 _aResearch Methods for Business;
_bA skill Building Approach;
250 _a3rd ed
260 _aNew York;
_bJohn Wiley an son ,inc.
_c2000.
300 _axiii,463p;
_bill;
_c24cm.
504 _aincludes index.
650 _aResearch
_93727
942 _2ddc
_cO_SHELF
999 _c5368
_d5368